[Event "Bogota Centro Comercial op 2nd"]
[Site "Bogota"]
[Date "2024.04.14"]
[Round "1"]
[White "Soto Leguizamon, David Esteban"]
[Black "Garcia Mendez, Engels Vladimir"]
[Result "0-1"]
[WhiteElo "1521"]
[BlackElo "1984"]
[PlyCount "57"]
[EventDate "2024.04.14"]
[EventType "swiss"]
[EventRounds "7"]
[EventCountry "COL"]
[SourceTitle "CB16_2024"]
[SourceDate "2024.04.17"]
[SourceVersion "1"]
[SourceVersionDate "2024.04.17"]
[SourceQuality "1"]

1. Nf3 c5 2. g3 b6 3. Bg2 Bb7 4. 0-0 Nf6 5. c4 e6 6. Nc3 a6 7. b3 d6 8. Bb2 Nbd7 9. d4 cxd4 10. Qxd4 Rc8 11. Rfe1 Qc7 12. e4 Be7 13. h3 0-0 14. Qd2 Rfe8 15. Ng5 h6 16. Nf3 Bf8 17. Nh2 Qb8 18. Ng4 Qa8 19. f4 d5 20. Nxf6+ Nxf6 21. exd5 Bc5+ 22. Kh2 exd5 23. Nxd5 Nxd5 24. Bxd5 Red8 25. Qc3 Bf8 26. Bxb7 Qxb7 27. Re3 b5 28. Rae1 f6 29. R1e2 0-1

[Event "Pereira Fiestas de la Cosecha op"]
[Site "Pereira"]
[Date "2023.08.27"]
[Round "7"]
[White "Garcia Mendez, Engels Vladimir"]
[Black "Orbe Vivero, Veronica Priscila"]
[Result "0-1"]
[WhiteElo "1956"]
[BlackElo "1814"]
[PlyCount "68"]
[EventDate "2023.08.24"]
[EventType "swiss"]
[EventRounds "7"]
[EventCountry "COL"]
[SourceTitle "EXT 2024"]
[Source "ChessBase"]
[SourceDate "2023.10.10"]
[SourceVersion "1"]
[SourceVersionDate "2023.10.10"]
[SourceQuality "1"]

1. Nc3 c5 2. Nf3 Nc6 3. e4 Nf6 4. d4 cxd4 5. Nxd4 e5 6. Ndb5 d6 7. Bg5 a6 8. Na3 b5 9. Nd5 Be7 10. Bxf6 Bxf6 11. c3 0-0 12. Nc2 Bg5 13. Be2 Ne7 14. Ncb4 Be6 15. 0-0 Kh8 16. Nxe7 Qxe7 17. a4 bxa4 18. Rxa4 a5 19. Nd5 Qb7 20. Bc4 Qxb2 21. Qh5 Bd8 22. f4 exf4 23. Nxf4 Bb6+ 24. Kh1 Bxc4 25. Rxc4 Bc5 26. Qd5 a4 27. e5 a3 28. e6 a2 29. exf7 Qf2 30. Ra1 Rab8 31. Qd1 Rxf7 32. g3 Rb1 33. Ng6+ hxg6 34. Rh4+ Kg8 0-1

[Event "Pereira Fiestas de la Cosecha op"]
[Site "Pereira"]
[Date "2023.08.25"]
[Round "3"]
[White "Garcia Mendez, Engels Vladimir"]
[Black "Paredes Lagos, Anthony Javier"]
[Result "0-1"]
[WhiteElo "1956"]
[BlackElo "2342"]
[PlyCount "78"]
[EventDate "2023.08.24"]
[EventType "swiss"]
[EventRounds "7"]
[EventCountry "COL"]
[SourceTitle "EXT 2024"]
[Source "ChessBase"]
[SourceDate "2023.10.10"]
[SourceVersion "1"]
[SourceVersionDate "2023.10.10"]
[SourceQuality "1"]

1. Nc3 d5 2. Nf3 Nf6 3. d4 Bf5 4. Bf4 a6 5. e3 e6 6. Be2 h6 7. Ne5 Nbd7 8. g4 Bh7 9. Qd2 Bb4 10. f3 c5 11. Nd3 Bxd3 12. cxd3 cxd4 13. exd4 Qb6 14. a3 Be7 15. Rc1 Rc8 16. 0-0 0-0 17. Kh1 Nh7 18. Be3 Bf6 19. Na4 Qa7 20. Qb4 e5 21. Bg1 exd4 22. Nc3 Qc5 23. Qxb7 Qe7 24. Nxd5 Qxe2 25. Rce1 Qxd3 26. Qxd7 Rfd8 27. Ne7+ Bxe7 28. Qxe7 Qb5 29. Qb4 Qd5 30. Re4 d3 31. Rd4 Qa8 32. Be3 Nf8 33. Kg2 Rc2+ 34. Rf2 Rb8 35. Qd6 Rxf2+ 36. Bxf2 Ne6 37. Rxd3 Rd8 38. Qxd8+ Nxd8 39. Bg3 Qc8 0-1